Statistiken für Größte Städte Thüringens

Klicken Sie hier um das Quiz zu spielen!

Allgemein

  • Dieses Quiz wurde 26 mal gespielt
  • Das Durchschnittsergebnis liegt bei 5 aus 7

Antwortstatistiken

EinwohnerStadt% Korrekt
214.969Erfurt
100%
93.634Gera
100%
111.191Jena
96%
65.620Weimar
80%
46.019Gotha
64%
42.408Eisenach
52%
41.339Nordhausen
32%

Verteilung der Resultate

Perzentil nach korrekt beantworteten Fragen

Anzahl Personen mit jedem Resultat

Ihre Resultats-Entwicklung

Sie haben dieses Quiz noch nicht gespielt